000 00714nam a2200241Ia 4500
005 20260430150637.0
008 008 250103s9999 xx 000 0 eng d
037 _aTheses
040 _aCRL
040 _beng
040 _ceng
041 _2eng
041 _aeng
084 _qCRL
100 _aKushwaha Lakhan Au.; Tyagi Sarita Gu.
_91238090
245 0 _aGender-Related Differences among Tennis & Badminton Players: A Psychological Approach
260 _c2024
300 _a265p.
650 _aSports
700 _aUniversity of Delhi. Faculty of Inter-Disciplinary&Applied ScienceSciences. Deptt. of Physical Education & Sports Science
_91238091
942 _cTH
999 _c1850283
_d1850283